Viṭā muyar̲ci ver̲r̲ikku val̲i. (Record no. 60710)

MARC details
000 -LEADER
fixed length control field 00584cam a22002291 4500
001 - CONTROL NUMBER
control field sa 64008136
003 - CONTROL NUMBER IDENTIFIER
control field DLC
005 - DATE AND TIME OF LATEST TRANSACTION
control field 20260227112052.0
008 - FIXED-LENGTH DATA ELEMENTS--GENERAL INFORMATION
fixed length control field 950222s1963 ii 000 0 tamo
010 ## - LIBRARY OF CONGRESS CONTROL NUMBER
LC control number sa 64008136
025 ## - OVERSEAS ACQUISITION NUMBER
Overseas acquisition number PL480:I-T-594
035 ## - SYSTEM CONTROL NUMBER
System control number (OCoLC)32036252
040 ## - CATALOGING SOURCE
Original cataloging agency DLC
Transcribing agency CU
Modifying agency CU
-- DLC
042 ## - AUTHENTICATION CODE
Authentication code premarc
050 00 - LIBRARY OF CONGRESS CALL NUMBER
Classification number BJ1533.P4
Item number A3
100 1# - MAIN ENTRY--PERSONAL NAME
Personal name Aptur̲-R̲ahīm, Em. Ār. Em.,
Dates associated with a name 1922-
245 10 - TITLE STATEMENT
Title Viṭā muyar̲ci ver̲r̲ikku val̲i.
260 ## - PUBLICATION, DISTRIBUTION, ETC.
Date of publication, distribution, etc. [1963]
300 ## - PHYSICAL DESCRIPTION
Extent 128 p.
Dimensions 19 cm.
500 ## - GENERAL NOTE
General note In Tamil.
650 #0 - SUBJECT ADDED ENTRY--TOPICAL TERM
Topical term or geographic name entry element Perseverance (Ethics)

No items available.

Powered by Koha